000 02702nam0a2200433 i 4500
001 RU\NLR\bibl\1962879
005 20260407131421.0
010 _a9785433900134
_955
021 _aRU
_b2012-77575
_95754
035 _a(nilc)RSL-KNO-005510986
035 _a(NLR Aleph) 001951873
090 _a3706494
_c3706494
100 _a20121017d2012 u y0rusy50 ca
101 0 _arus
102 _aRU
105 _aa |||||||||
200 1 _aУправление ассортиментом, качеством и конкурентоспособностью товаров и услуг
_eматериалы III международной научно-практической конференции, посвященной 50-летию Чебоксарского кооперативного института (филиала) Российского университета кооперации, (27 апреля 2012 г.)
_f[редкол.: В. В. Андреев, д.ист.н., доц. и др.]
210 _aЧебоксары
_cЧКИ РУК
_d2012
215 _a303, [1] с.
_cил.
_d20
300 _aВ надзаг.: Автономная некоммерческая организация высш. проф. образования Центросоюза Российской Федерации "Российский ун-т кооперации", Чебоксарский кооперативный ин-т (фил.)
320 _aБиблиогр. в конце докл.
606 1 _aПредприятия
_jСъезды, совещания и т.п.
_xАссортимент продукции
_xУправление
_92341762
_3RU\NLR\auth\661399691
606 _aКачество продукции
_jСъезды, совещания и т.п.
_xУправление
_91474335
_3RU\NLR\auth\66317705
606 _aПродукция
_jСъезды, совещания и т.п.
_xКонкурентоспособность
_92127582
_3RU\NLR\auth\661284011
686 _aМ2я431(2)
_2rubbk
686 _aЛ80я431(2)
_2rubbk
686 _aУ9(2)421.0-21я431(2)
_2rubbk
686 _aУ42(2)1-361.4-21я431
686 _aУ9(2)-823.2-21я431
686 _aУ9(2)-13я431
702 1 _4340
_7ca
_8rus
_aАндреев
_bВ. В.
_cд-р ист. наук, юрист
_f1958-
_gВалерий Витальевич
_99831
_3RU\NLR\AUTH\7726793
712 0 2 _4570
_aЧебоксарский кооперативный институт
_9464701
_3RU\NLR\AUTH\889984506
801 0 _aRU
_bRuMoRKP
_c20121017
_grcr
801 1 _aRU
_bРГБ
_c20121017
801 2 _aRU
_bNLR
_c20121101
_grcr
942 _cBOOK
980 _aNBR